000 01724namaa22003737i 4500
001 768714001
003 CO-MdFUSB
005 20260304210704.0
007 cr aa aaaaa
008 180403s2025 ck ||||| |||| 00| 0 spa dd
040 _aCO-MdFUSB
_bEspañol
_cCO-MdFUSB
_dCO-MdFUSB
041 _aspa
043 _ack
100 _aPosada Carmona, Juan Sebastian,
_eautor
245 _aEndor no salva a nadie :
_bdesesperación y corrupción en 1 Samuel 28 y Colombia
_c/ Juan Sebastian Posada Carmona
264 1 _aMedellín, Colombia :
_bFUSBC,
_c2025
300 _aRecurso electrónico
336 _2rdacontent
_atexto
_btxt
337 _2rdamedia
_ainformático
_bc
338 _2rdacarrier
_aremoto
_bcr
502 _aTrabajo de grado
_b(Teología) --
_cFundación Universitaria Seminario Bíblico de Colombia,
_d2025
504 _aBibliografía (página 18-19)
506 _aAcceso en línea
520 _aEndor no salva a nadie es un ensayo teológico-político que analiza 1 Samuel 28 desde una perspectiva narrativa que analiza el colapso moral de Saúl al recurrir a una adivina. El ensayo hace un paralelo con la corrupción en Colombia. Especialmente analizando el fenómeno del paramilitarismo. Mostrando cómo el Estado, dominado por el miedo, recurrió a lo prohibido y traicionó su misión de bendecir a la Nación.
600 _2Saúl
_epersonaje bíblico
630 0 7 _aBiblia.
_pSamuel, 1.ª
_xCrítica, interpretación, etc.
653 _aCorrupción
653 _aParamilitarismo
653 _aFracaso
700 _aBaer Potter, David Allen,
_easesor
_910227
856 _aREPCI
_uhttps://repositorio.repci.co/handle/123456789/784
942 _cTG
999 _c71487
_d71487